[Event "Isle of Man Major Minor"]
[Site "Douglas"]
[Date "2023.11.03"]
[Round "7.2"]
[White "Nicholas, Koichi B"]
[Black "Pert, Nina P"]
[Result "1-0"]
[WhiteElo "2139"]
[BlackElo "2043"]
[PlyCount "91"]
[EventDate "2023.10.28"]
[EventType "swiss"]
[EventRounds "7"]
[EventCountry "IOM"]
[SourceTitle "BritBase"]
[Source "John Saunders"]
[SourceDate "2023.11.12"]
[SourceVersion "1"]
[SourceVersionDate "2023.11.12"]
[SourceQuality "1"]

1. e4 c5 2. Nf3 d6 3. d4 cxd4 4. Nxd4 Nf6 5. Nc3 g6 6. Be3 Bg7 7. f3 Nc6 8. Qd2
O-O 9. Bc4 Bd7 10. O-O-O Rc8 11. Bb3 Nxd4 12. Bxd4 b5 13. Nd5 Nxd5 14. Bxg7
Kxg7 15. exd5 a5 16. a3 Kg8 17. Rhe1 Rc5 18. Qd4 b4 19. axb4 axb4 20. Qxb4 Qa8
21. Qd4 Rfc8 22. g4 Qb7 23. Kd2 Bb5 24. Qb4 Qa7 25. c3 Bc4 26. Kc2 Rb5 27. Qxc4
Rxc4 28. Bxc4 Ra5 29. b4 Qf2+ 30. Rd2 Qxe1 31. bxa5 Kg7 32. a6 h5 33. Re2 Qa1
34. Kb3 e5 35. dxe6 fxe6 36. Rxe6 Qd1+ 37. Kb4 Qxf3 38. gxh5 gxh5 39. Rxd6 Qf8
40. Kc5 h4 41. a7 Qf2+ 42. Kc6 Qf3+ 43. Kc7 Qa8 44. Kb6 Qf8 45. Rd7+ Kg6 46.
Kb7 1-0

[Event "Isle of Man Major Minor"]
[Site "Douglas"]
[Date "2023.11.03"]
[Round "7.3"]
[White "Slade, Robin"]
[Black "Jackson, Oliver A"]
[Result "0-1"]
[WhiteElo "1960"]
[BlackElo "2072"]
[PlyCount "82"]
[EventDate "2023.10.28"]
[EventType "swiss"]
[EventRounds "7"]
[EventCountry "IOM"]
[SourceTitle "BritBase"]
[Source "John Saunders"]
[SourceDate "2023.11.12"]
[SourceVersion "1"]
[SourceVersionDate "2023.11.12"]
[SourceQuality "1"]

1. e4 c5 2. b4 cxb4 3. d4 d5 4. exd5 Qxd5 5. c4 Qd6 6. Nf3 g6 7. Be3 Bg7 8.
Nbd2 Nf6 9. Qb3 O-O 10. c5 Qc7 11. Bc4 Nc6 12. O-O a5 13. a4 e6 14. Bd3 Bd7 15.
Nc4 Nd5 16. Nd6 Nce7 17. Bd2 Bc6 18. Ne5 b6 19. f4 Rad8 20. Rac1 Ba8 21. Nb5
Qb7 22. Be4 bxc5 23. Rxc5 f6 24. Nd3 Kh8 25. Bf3 Nf5 26. Re1 Qb6 27. Qc4 Bb7
28. Be4 Nd6 29. Nxd6 Rxd6 30. Qb5 f5 31. Ne5 fxe4 32. Qxb6 Nxb6 33. Rc7 Bd5 34.
Nf7+ Rxf7 35. Rxf7 Bxd4+ 36. Kh1 Nc4 37. Rc1 Rc6 38. Be1 b3 39. Rd1 b2 40. Rb7
Rb6 41. Rxb6 Nxb6 0-1

[Event "Isle of Man Major Minor"]
[Site "Douglas"]
[Date "2023.11.03"]
[Round "7.4"]
[White "Walton, Alan J"]
[Black "Allen, John P"]
[Result "1/2-1/2"]
[WhiteElo "2051"]
[BlackElo "1598"]
[PlyCount "48"]
[EventDate "2023.10.28"]
[EventType "swiss"]
[EventRounds "7"]
[EventCountry "IOM"]
[SourceTitle "BritBase"]
[Source "John Saunders"]
[SourceDate "2023.11.12"]
[SourceVersion "1"]
[SourceVersionDate "2023.11.12"]
[SourceQuality "1"]

1. d4 Nf6 2. Bg5 d5 3. e3 c5 4. c3 Qb6 5. Qb3 c4 6. Qxb6 axb6 7. Nd2 b5 8. a3
Bf5 9. Ngf3 Nbd7 10. Be2 Nb6 11. O-O h6 12. Bxf6 exf6 13. Rae1 Kd7 14. Nh4 Bh7
15. Bg4+ Kc6 16. e4 dxe4 17. Nxe4 Re8 18. Bf3 Kc7 19. g4 h5 20. gxh5 Bxe4 21.
Rxe4 Rxe4 22. Bxe4 Rxh5 23. Nf3 Na4 24. Rb1 Kb6 1/2-1/2

[Event "Isle of Man Major Minor"]
[Site "Douglas"]
[Date "2023.11.03"]
[Round "7.5"]
[White "Fabri, Henrik"]
[Black "Prateek, Wadhwa"]
[Result "1/2-1/2"]
[WhiteElo "1903"]
[BlackElo "1623"]
[PlyCount "73"]
[EventDate "2023.10.28"]
[EventType "swiss"]
[EventRounds "7"]
[EventCountry "IOM"]
[SourceTitle "BritBase"]
[Source "John Saunders"]
[SourceDate "2023.11.12"]
[SourceVersion "1"]
[SourceVersionDate "2023.11.12"]
[SourceQuality "1"]

1. e4 d6 2. d4 Nf6 3. f3 c6 4. c4 e5 5. d5 Be7 6. Nc3 h6 7. Be3 c5 8. Bd3 a6 9.
Qd2 Nbd7 10. Nge2 Nh7 11. O-O-O Bg5 12. Ng3 g6 13. Bxg5 Qxg5 14. Qxg5 Nxg5 15.
h4 Nh7 16. a3 Nhf6 17. Kd2 a5 18. Nb5 Ke7 19. Nf1 Nb6 20. Ne3 Bd7 21. Nc3 Na4
22. Rb1 Ra7 23. Bc2 Nxc3 24. bxc3 Kd8 25. Rb6 Kc7 26. Rhb1 Rb8 27. g3 Re8 28.
R6b2 Re7 29. Bd1 Re8 30. Kd3 Re7 31. Rb3 Re8 32. R3b2 Re7 33. Rf2 Ra8 34. g4
Be8 35. Rfb2 Kb8 36. Rf2 Kc8 37. g5 1/2-1/2

[Event "Isle of Man Major Minor"]
[Site "Douglas"]
[Date "2023.11.03"]
[Round "7.6"]
[White "Berendsen, David"]
[Black "Allen, Keith"]
[Result "0-1"]
[WhiteElo "1805"]
[BlackElo "2128"]
[PlyCount "84"]
[EventDate "2023.10.28"]
[EventType "swiss"]
[EventRounds "7"]
[EventCountry "IOM"]
[SourceTitle "BritBase"]
[Source "John Saunders"]
[SourceDate "2023.11.12"]
[SourceVersion "1"]
[SourceVersionDate "2023.11.12"]
[SourceQuality "1"]

1. c4 c5 2. g3 Nf6 3. Bg2 d5 4. cxd5 Nxd5 5. Nc3 Nc7 6. d3 Nc6 7. Nf3 e5 8. O-O
Be7 9. b3 O-O 10. Bb2 Bg4 11. h3 Be6 12. Rc1 Qd7 13. Kh2 b6 14. Ne4 f6 15. Rg1
Rac8 16. Qd2 Nd5 17. Rcd1 Kh8 18. Bf1 Nd4 19. Ne1 a5 20. e3 Nc6 21. f4 a4 22.
d4 cxd4 23. exd4 a3 24. Ba1 Nxd4 25. Bxd4 exd4 26. Qxd4 f5 27. Ng5 Bc5 28. Qe5
Bxg1+ 29. Kxg1 Bg8 30. Bc4 Rcd8 31. Nef3 Rfe8 32. Qd4 Nf6 33. Qxd7 Rxd7 34.
Rxd7 Nxd7 35. Bb5 Rd8 36. Nd4 Nc5 37. Nxf5 Nxb3 38. Ne7 Rd1+ 39. Kf2 Nd4 40.
Be8 Rd2+ 41. Kg1 Re2 42. Bg6 Rxe7 0-1

[Event "Isle of Man Major Minor"]
[Site "Douglas"]
[Date "2023.11.03"]
[Round "7.7"]
[White "Wynarczyk, Raymond"]
[Black "Sipos, Silvester"]
[Result "0-1"]
[WhiteElo "1676"]
[BlackElo "1950"]
[PlyCount "100"]
[EventDate "2023.10.28"]
[EventType "swiss"]
[EventRounds "7"]
[EventCountry "IOM"]
[SourceTitle "BritBase"]
[Source "John Saunders"]
[SourceDate "2023.11.12"]
[SourceVersion "1"]
[SourceVersionDate "2023.11.12"]
[SourceQuality "1"]

1. e4 c6 2. d4 d5 3. Nc3 dxe4 4. Nxe4 Nf6 5. Ng3 Bg4 6. Be2 Bxe2 7. N1xe2 e6 8.
Bg5 Nbd7 9. O-O Be7 10. Nc3 h6 11. Bf4 Nb6 12. Nce4 Nbd5 13. Nxf6+ Nxf6 14. c3
Bd6 15. Bxd6 Qxd6 16. Qe2 O-O 17. Ne4 Nxe4 18. Qxe4 Rad8 19. Rad1 Rd7 20. Qe5
Re8 21. Rde1 Qxe5 22. Rxe5 Rd5 23. f4 Rxe5 24. fxe5 Kf8 25. Kf2 Ke7 26. Ke3 f6
27. Ke4 f5+ 28. Ke3 g5 29. g3 Kf7 30. Rb1 c5 31. Rd1 cxd4+ 32. cxd4 Rc8 33. Rd2
Rc1 34. Kd3 b5 35. a3 Ke7 36. Rf2 Kd7 37. Kd2 Rc4 38. Kd3 Kc6 39. b3 Rc1 40. a4
b4 41. Rb2 a5 42. Kd2 Rc3 43. Rc2 Rxc2+ 44. Kxc2 Kd5 45. Kd3 f4 46. gxf4 gxf4
47. h3 f3 48. Ke3 f2 49. Kxf2 Kxd4 50. Kf3 Kc3 0-1

[Event "Isle of Man Major Minor"]
[Site "Douglas"]
[Date "2023.11.03"]
[Round "7.8"]
[White "Waddington, Michael P"]
[Black "Pert, Max P"]
[Result "0-1"]
[WhiteElo "1931"]
[BlackElo "1893"]
[PlyCount "93"]
[EventDate "2023.10.28"]
[EventType "swiss"]
[EventRounds "7"]
[EventCountry "IOM"]
[SourceTitle "BritBase"]
[Source "John Saunders"]
[SourceDate "2023.11.12"]
[SourceVersion "1"]
[SourceVersionDate "2023.11.12"]
[SourceQuality "1"]

1. e4 c5 2. Nf3 d6 3. d3 Nc6 4. g3 g6 5. Bg2 Bg7 6. O-O e5 7. c3 Nge7 8. Na3
O-O 9. Ng5 h6 10. Nh3 Kh7 11. f4 f5 12. Nc2 Be6 13. Ne3 Qd7 14. Nf2 exf4 15.
gxf4 fxe4 16. Nxe4 Rae8 17. Qe1 Nf5 18. Nxf5 Rxf5 19. Qg3 Ne7 20. Bd2 Rff8 21.
a4 b6 22. Qh4 Nf5 23. Qf2 Bb3 24. Be1 d5 25. Ng3 Ne3 26. a5 Nxf1 27. Bxf1 Be5
28. Bd2 Bg7 29. d4 c4 30. Bg2 Bc2 31. axb6 axb6 32. Qf3 Be4 33. Nxe4 Rxe4 34.
Bh3 Qe7 35. f5 Re2 36. Bf4 Re1+ 37. Rxe1 Qxe1+ 38. Kg2 Qe4 39. Qxe4 dxe4 40.
fxg6+ Kxg6 41. Kg3 Bf6 42. Be6 Bh4+ 43. Kxh4 Rxf4+ 44. Kg3 Rf3+ 45. Kg2 b5 46.
Bd7 b4 47. cxb4 0-1

[Event "Isle of Man Major Minor"]
[Site "Douglas"]
[Date "2023.11.03"]
[Round "7.9"]
[White "Costello, John"]
[Black "Miah, Zahed"]
[Result "0-1"]
[WhiteElo "1720"]
[BlackElo "1802"]
[PlyCount "44"]
[EventDate "2023.10.28"]
[EventType "swiss"]
[EventRounds "7"]
[EventCountry "IOM"]
[SourceTitle "BritBase"]
[Source "John Saunders"]
[SourceDate "2023.11.12"]
[SourceVersion "1"]
[SourceVersionDate "2023.11.12"]
[SourceQuality "1"]

1. d4 Nf6 2. Nf3 d5 3. c4 e6 4. e3 a6 5. cxd5 exd5 6. Bd3 Bd6 7. h3 O-O 8. O-O
Re8 9. Nc3 Nbd7 10. Qc2 Qe7 11. Re1 c5 12. b3 b5 13. e4 cxd4 14. Nxd5 Qd8 15.
Nxf6+ Nxf6 16. e5 Bb4 17. Re2 Bc3 18. Bb2 Nd5 19. Nxd4 Bxb2 20. Qxb2 Nf4 21.
Rd2 Qd5 22. Rad1 Qxg2# 0-1

[Event "Isle of Man Major Minor"]
[Site "Douglas"]
[Date "2023.11.03"]
[Round "7.10"]
[White "Coote, Trevor D"]
[Black "Fleming, Andrew S J"]
[Result "1/2-1/2"]
[WhiteElo "2001"]
[BlackElo "1872"]
[PlyCount "29"]
[EventDate "2023.10.28"]
[EventType "swiss"]
[EventRounds "7"]
[EventCountry "IOM"]
[SourceTitle "BritBase"]
[Source "John Saunders"]
[SourceDate "2023.11.12"]
[SourceVersion "1"]
[SourceVersionDate "2023.11.12"]
[SourceQuality "1"]

1. e4 e6 2. b3 c5 3. Bb2 d5 4. Qe2 d4 5. f4 Nf6 6. Nf3 Nc6 7. h3 Nh5 8. Qf2
Nxf4 9. Bb5 Ng6 10. O-O f6 11. e5 Be7 12. c3 O-O 13. Bxc6 bxc6 14. cxd4 cxd4
15. Qxd4 1/2-1/2

[Event "Isle of Man Major Minor"]
[Site "Douglas"]
[Date "2023.11.03"]
[Round "7.11"]
[White "Carr, Jay A"]
[Black "Ireland, David J"]
[Result "1-0"]
[WhiteElo "1683"]
[BlackElo "1897"]
[PlyCount "57"]
[EventDate "2023.10.28"]
[EventType "swiss"]
[EventRounds "7"]
[EventCountry "IOM"]
[SourceTitle "BritBase"]
[Source "John Saunders"]
[SourceDate "2023.11.12"]
[SourceVersion "1"]
[SourceVersionDate "2023.11.12"]
[SourceQuality "1"]

1. Nf3 Nf6 2. b3 d6 3. d4 g6 4. Bb2 Bg7 5. e3 O-O 6. Be2 c5 7. O-O cxd4 8. Nxd4
Nc6 9. c4 Nxd4 10. Bxd4 Bd7 11. Nd2 Re8 12. Rc1 Bc6 13. Bf3 e5 14. Bxc6 bxc6
15. Ba1 e4 16. Qc2 d5 17. Rfd1 Ng4 18. Bxg7 Kxg7 19. h3 Ne5 20. Nxe4 Nxc4 21.
Qc3+ Kh6 22. Nf6 Ne5 23. Nxe8 Qxe8 24. Qd4 Qe6 25. e4 dxe4 26. Qxe4 f5 27. Qe3+
g5 28. Re1 Re8 29. Rc5 1-0

[Event "Isle of Man Major Minor"]
[Site "Douglas"]
[Date "2023.11.03"]
[Round "7.12"]
[White "Cross, Glenn"]
[Black "Smith, Paul"]
[Result "0-1"]
[WhiteElo "1742"]
[BlackElo "1653"]
[PlyCount "152"]
[EventDate "2023.10.28"]
[EventType "swiss"]
[EventRounds "7"]
[EventCountry "IOM"]
[SourceTitle "BritBase"]
[Source "John Saunders"]
[SourceDate "2023.11.12"]
[SourceVersion "1"]
[SourceVersionDate "2023.11.12"]
[SourceQuality "1"]

1. d4 Nf6 2. c4 e6 3. Bg5 Be7 4. Nf3 b6 5. Nc3 Bb7 6. e3 d6 7. Be2 Nbd7 8. O-O
O-O 9. Nd2 Re8 10. f3 Nf8 11. Bh4 Ng6 12. Bf2 a6 13. b4 Nd7 14. Rb1 Rb8 15. Bg3
Bh4 16. Qc2 Bxg3 17. hxg3 Ndf8 18. Kf2 Ne7 19. Rh1 g6 20. g4 f5 21. gxf5 exf5
22. d5 Kg7 23. Qb2 Ng8 24. Nce4+ Nf6 25. Nxf6 Qxf6 26. Qxf6+ Kxf6 27. Nb3 Re7
28. Nd4 Rbe8 29. Rb3 Ra8 30. Ra3 Rae8 31. Rd1 Rd8 32. Bd3 Nd7 33. Bc2 Ne5 34.
Rc3 a5 35. b5 Nd7 36. Ne6 Nf8 37. Nd4 Rde8 38. Re1 Nd7 39. Ne6 Ne5 40. Bd1 Nxc4
41. e4 fxe4 42. Rxe4 Bxd5 43. Nxc7 Bxe4 44. Nxe8+ Rxe8 45. Rxc4 Bd5 46. Rc2 h5
47. Rd2 Ke6 48. f4 Rf8 49. g3 Bc4 50. Be2 d5 51. Ke3 Rc8 52. Kd4 Kd6 53. Bf3
Rc5 54. g4 hxg4 55. Bxg4 Bxb5 56. Rb2 Rc4+ 57. Ke3 Kc5 58. Bf3 Rc3+ 59. Kf2 Ra3
60. Bxd5 Kxd5 61. Rxb5+ Kc6 62. Rb2 b5 63. Rc2+ Kd5 64. Rb2 b4 65. Rd2+ Ke4 66.
Rd6 Kf5 67. Rd2 Kxf4 68. Kg2 g5 69. Rf2+ Kg4 70. Rd2 Kh4 71. Rd4+ g4 72. Rd2 a4
73. Rb2 b3 74. axb3 Rxb3 75. Ra2 a3 76. Kf1 Rb1+ 0-1

[Event "Isle of Man Major Minor"]
[Site "Douglas"]
[Date "2023.11.03"]
[Round "7.13"]
[White "Dyshliuk, Fedir"]
[Black "Landenberger, Anja Kathrin"]
[Result "1-0"]
[WhiteElo "1393"]
[BlackElo "1732"]
[PlyCount "91"]
[EventDate "2023.10.28"]
[EventType "swiss"]
[EventRounds "7"]
[EventCountry "IOM"]
[SourceTitle "BritBase"]
[Source "John Saunders"]
[SourceDate "2023.11.12"]
[SourceVersion "1"]
[SourceVersionDate "2023.11.12"]
[SourceQuality "1"]

1. e4 c6 2. Nf3 d5 3. Nc3 e6 4. d4 Nd7 5. Bd3 dxe4 6. Nxe4 Ngf6 7. O-O Nxe4 8.
Bxe4 Nf6 9. Bd3 Be7 10. Bf4 O-O 11. c3 b6 12. Qe2 Bb7 13. Rfe1 a5 14. Ng5 c5
15. Be5 h6 16. Ne4 Nxe4 17. Bxe4 Bxe4 18. Qxe4 cxd4 19. Bxd4 Bf6 20. Red1 Bxd4
21. Qxd4 Qxd4 22. Rxd4 Rfd8 23. Rad1 Rxd4 24. Rxd4 Rb8 25. Kf1 Kf8 26. Ke2 Ke7
27. Kd3 Rd8 28. Rxd8 Kxd8 29. Kc4 Kc7 30. b4 axb4 31. cxb4 Kc6 32. a4 g5 33. g4
f6 34. Kd4 Kd6 35. a5 bxa5 36. bxa5 Kc6 37. a6 Kb6 38. a7 Kxa7 39. Kc5 f5 40.
Kd6 fxg4 41. Kxe6 Kb6 42. Kf6 Kc5 43. Kg6 Kd5 44. Kxh6 Ke4 45. Kxg5 Kf3 46. Kh5
1-0

[Event "Isle of Man Major Minor"]
[Site "Douglas"]
[Date "2023.11.03"]
[Round "7.14"]
[White "Cross, Kyle"]
[Black "Towers, Brian"]
[Result "0-1"]
[WhiteElo "1664"]
[BlackElo "1703"]
[PlyCount "96"]
[EventDate "2023.10.28"]
[EventType "swiss"]
[EventRounds "7"]
[EventCountry "IOM"]
[SourceTitle "BritBase"]
[Source "John Saunders"]
[SourceDate "2023.11.12"]
[SourceVersion "1"]
[SourceVersionDate "2023.11.12"]
[SourceQuality "1"]

1. c4 e5 2. Nc3 Bc5 3. d3 a6 4. Nf3 d6 5. g3 f5 6. e3 Nf6 7. d4 exd4 8. exd4
Bb4 9. Bd2 O-O 10. Bd3 Qe8+ 11. Qe2 Qxe2+ 12. Nxe2 Bxd2+ 13. Nxd2 Nc6 14. O-O
Nb4 15. Bb1 d5 16. a3 Nc6 17. cxd5 Nxd5 18. Ba2 Nce7 19. Nc3 c6 20. Rfe1 Kh8
21. Nxd5 Nxd5 22. Bxd5 cxd5 23. Re5 f4 24. Rxd5 fxg3 25. hxg3 b5 26. Re5 Bb7
27. Rd1 Rf6 28. Nb3 Rh6 29. Kf1 Rh1+ 30. Ke2 Bf3+ 31. Kxf3 Rxd1 32. Re2 Kg8 33.
Kg4 Kf7 34. f4 Re8 35. Rc2 Re6 36. Rc7+ Kf8 37. Rc8+ Re8 38. Rc6 Ra8 39. Rc3
Ra7 40. Kf3 Ke7 41. Re3+ Kd6 42. f5 Re7 43. Rc3 Rf1+ 44. Kg4 Re4+ 45. Kg5 h6+
46. Kg6 Rg4+ 47. Kh5 Rg5+ 48. Kh4 Rh1# 0-1

[Event "Isle of Man Major Minor"]
[Site "Douglas"]
[Date "2023.11.03"]
[Round "7.15"]
[White "Coe, Lawrence"]
[Black "Watkinson, Colin"]
[Result "1-0"]
[WhiteElo "1805"]
[BlackElo "1547"]
[PlyCount "76"]
[EventDate "2023.10.28"]
[EventType "swiss"]
[EventRounds "7"]
[EventCountry "IOM"]
[SourceTitle "BritBase"]
[Source "John Saunders"]
[SourceDate "2023.11.12"]
[SourceVersion "1"]
[SourceVersionDate "2023.11.12"]
[SourceQuality "1"]

1. c4 e5 2. Nc3 Bb4 3. Nd5 Ba5 4. b4 c6 5. bxa5 cxd5 6. e3 Qxa5 7. Qb3 Qb6 8.
cxd5 Nf6 9. Qc3 d6 10. Qxc8+ Qd8 11. Bb5+ Nbd7 12. Qxb7 O-O 13. Bc6 Rb8 14. Qa6
Nc5 15. Qa3 e4 16. Ne2 Nd3+ 17. Kf1 Ng4 18. Nf4 Ndxf2 19. Qc3 Nxh1 20. Bb2 Rxb2
21. Qxb2 Qh4 22. Ke2 Nhf2 23. Qd4 Ne5 24. Rf1 Qg4+ 25. Kxf2 Qh4+ 26. Kg1 Ng4
27. h3 Ne5 28. Kh2 Rb8 29. Qxa7 Rf8 30. Qc7 g5 31. Ne2 Qh5 32. Ng3 Qh4 33. Qxd6
Nc4 34. Qf6 Nxd2 35. Rf4 gxf4 36. Qxh4 f3 37. Qg5+ Kh8 38. Qh6 Rg8 1-0

[Event "Isle of Man Major Minor"]
[Site "Douglas"]
[Date "2023.11.03"]
[Round "7.17"]
[White "Woodard, Brian"]
[Black "Griffin, John"]
[Result "1-0"]
[WhiteElo "1649"]
[BlackElo "1646"]
[PlyCount "55"]
[EventDate "2023.10.28"]
[EventType "swiss"]
[EventRounds "7"]
[EventCountry "IOM"]
[SourceTitle "BritBase"]
[Source "John Saunders"]
[SourceDate "2023.11.12"]
[SourceVersion "1"]
[SourceVersionDate "2023.11.12"]
[SourceQuality "1"]

1. d4 e6 2. Nf3 d5 3. Bf4 Bd6 4. Bg3 c5 5. c3 Nf6 6. e3 Nc6 7. Nbd2 Ng4 8. Bb5
a6 9. Ba4 O-O 10. Bc2 Re8 11. Bxd6 Qxd6 12. Bxh7+ Kh8 13. Ng5 Nh6 14. Bc2 e5
15. dxe5 Rxe5 16. Nc4 Qe7 17. Nxe5 Qxg5 18. Qd3 Bf5 19. Nxf7+ Nxf7 20. Qxf5
Qxf5 21. Bxf5 Nfe5 22. O-O Re8 23. Rad1 g6 24. Bc2 Ne7 25. e4 Rd8 26. exd5 Rxd5
27. Rxd5 Nxd5 28. Re1 1-0

[Event "Isle of Man Major Minor"]
[Site "Douglas"]
[Date "2023.11.03"]
[Round "7.18"]
[White "Dunkley, David"]
[Black "Jackson, Antony"]
[Result "0-1"]
[WhiteElo "1270"]
[BlackElo "1366"]
[PlyCount "80"]
[EventDate "2023.10.28"]
[EventType "swiss"]
[EventRounds "7"]
[EventCountry "IOM"]
[SourceTitle "BritBase"]
[Source "John Saunders"]
[SourceDate "2023.11.12"]
[SourceVersion "1"]
[SourceVersionDate "2023.11.12"]
[SourceQuality "1"]

1. d4 d5 2. Nf3 g6 3. Bf4 Bg7 4. e3 a6 5. Nbd2 Nf6 6. c4 c6 7. Be5 Nbd7 8. Bd3
O-O 9. c5 Nxe5 10. Nxe5 Qc7 11. h3 Ne8 12. Ndf3 f6 13. Ng4 h5 14. Ngh2 e5 15.
Qc2 e4 16. Bxe4 dxe4 17. Qxe4 Qa5+ 18. Nd2 Bf5 19. Qh4 Bd3 20. g4 Kf7 21. Rg1
g5 22. Qg3 h4 23. Qg2 Nc7 24. Qf3 Rad8 25. Qg2 Rfe8 26. Nhf1 Rxd4 27. f3 Bxf1
28. Rxf1 Rxe3+ 29. Kd1 Red3 30. Rf2 Nd5 31. Ke1 Ne3 32. Qh2 Nc2+ 33. Kd1 Nxa1
34. Kc1 Qxc5+ 35. Kb1 Qe7 36. Kxa1 Kg6 37. Nb1 Qd7 38. a3 Rd1 39. b3 Re1 40.
Rd2 Rxd2 0-1